Normal view
MARC view
- Fielding J.William
Entry Personal Name
001 - CONTROL NUMBER
- control field: 104843
003 - CONTROL NUMBER IDENTIFIER
- control field: NUST
005 - DATE AND TIME OF LATEST TRANSACTION
- control field: 20221214142558.0
008 - FIXED-LENGTH DATA ELEMENTS
- fixed length control field: 221214|| aca||aabn | a|a d
040 ## - CATALOGING SOURCE
- Original cataloging agency: NUST
- Transcribing agency: NUST
100 ## - HEADING--PERSONAL NAME
- Personal name: Fielding J.William
670 ## - SOURCE DATA FOUND
- Source citation: Work cat.: (NUST)190585: Fielding J.William, Strange Customs of Courtship and Marriage /, 1961
